000 00852cab a2200229 4500
001 ABS48979
008 090401t1993 xxu||||| |||| 00| 0 eng d
035 _a(Sirsi) u69315
041 _aeng
245 _aComputer aided design: CAD on site
260 _c1993
350 _a0
490 _aBuilding Services
_v15(7) July 1993, 25-32(8)
520 _aA feature on CAD drawing on the experience of Haden Young as an example of its application to building services, describing the Radiance computer simulation program, and reporting on progress in the integration of computer models into multiple design tools.
650 _aBUILT ENVIRONMENT-CONSTRUCTION DESIGN
650 _aCAD INTEGRATION
650 _aCAD
650 _aCOMPUTERS
690 _aMANAGEMENT-BUSINESS MANAGEMENT-INFORMATION MANAGEMENT
942 _n0
948 _c04/03/1997
999 _c43534
_d43534